000 01162cam a2200313 i 4500
001 30854
003 Mx-PuUPA
005 20231020122744.0
008 140415s1988 mx gr 000 0 spa d
020 _a9681318617
040 _cMx-PuUPA
_aMx-PuUPA
_bspa
_dMx-PuUPA
_erda
041 0 _aspa
100 1 _aRodríguez Villar, Idelfonso,
_915019
_eautor
245 1 0 _aMeditaciones sobre la Santísima Virgen María :
_bMaría: signo de esperanza para la Iglesia y el mundo, en el horizonte del año 2000 /
_cM.I SR. DR.D Idelfonso Rodríguez Villar
250 _aPrimera edición /
_bmarzo
264 1 _aMéxico, D.F. :
_bEditorial Diana,
_c©1988
300 _a483 páginas ;
_c21 cm
336 _2rdacontent
_atexto
_btxt
337 _2rdamedia
_asin medio
_bn
338 _2rdacarrier
_avolumen
_bnc
500 _a"Año Mariano 7 de junio de 1987 - 15". -- Portada
600 0 4 _aVirgen María
_xMeditaciones
600 0 4 _aVirgen María
_xAdoración
600 0 4 _aVirgen María
_xCulto
650 7 _2armarc
_aDevoción a la Santísima Virgen María
942 _2ddc
_cLI
_h232.91
_iR685
999 _c30854
_d30854